[Event "POL-ch Rapid"]
[Site "Lublin"]
[Date "2023.10.07"]
[Round "2"]
[White "Motyl, Tomasz"]
[Black "Kosakowski, Jakub"]
[Result "0-1"]
[WhiteElo "1788"]
[BlackElo "2485"]
[PlyCount "56"]
[EventDate "2023.10.07"]
[EventType "swiss (rapid)"]
[EventRounds "9"]
[EventCountry "POL"]
[SourceTitle "CBM 216 Extra"]
[Source "ChessBase"]
[SourceDate "2023.11.30"]
[SourceVersion "1"]
[SourceVersionDate "2023.11.30"]
[SourceQuality "1"]

1. e4 c5 2. c3 d5 3. exd5 Qxd5 4. d4 Nf6 5. Nf3 e6 6. Na3 a6 7. Nc4 Nbd7 8. Be2 b5 9. Ne3 Qc6 10. 0-0 Bb7 11. a4 Be7 12. axb5 axb5 13. Rxa8+ Bxa8 14. dxc5 Qxc5 15. Qd4 b4 16. Qxc5 Bxc5 17. cxb4 Bxb4 18. Bd2 Bxf3 19. Bxb4 Bxe2 20. Ra1 Nb6 21. Ra7 Nfd7 22. f4 Nc8 23. Rc7 Ne7 24. Kf2 Bb5 25. f5 h5 26. Nc2 e5 27. Na3 Bd3 28. Ke3 Nd5+ 0-1

[Event "Polanica Zdroj op-A 58th"]
[Site "Polanica Zdroj"]
[Date "2022.08.17"]
[Round "5"]
[White "Motyl, Tomasz"]
[Black "Betkowski, Andrzej"]
[Result "1/2-1/2"]
[WhiteElo "1936"]
[BlackElo "2063"]
[PlyCount "69"]
[EventDate "2022.08.13"]
[EventType "swiss"]
[EventRounds "9"]
[EventCountry "POL"]
[SourceTitle "CBM 210 Extra"]
[Source "ChessBase"]
[SourceDate "2022.11.30"]
[SourceVersion "1"]
[SourceVersionDate "2022.11.30"]
[SourceQuality "1"]

1. e4 e6 2. d4 d5 3. Nd2 h6 4. Ngf3 Nf6 5. Bd3 c5 6. dxc5 Bxc5 7. Qe2 Nc6 8. exd5 Nxd5 9. Ne4 Be7 10. a3 f5 11. Ng3 0-0 12. 0-0 Bf6 13. c4 Nde7 14. Rd1 Qc7 15. Nh5 e5 16. Bc2 e4 17. Nxf6+ Rxf6 18. Nd4 Nxd4 19. Rxd4 Nc6 20. Rd1 Be6 21. b3 Rff8 22. Bb2 Rfe8 23. Qe3 Ne5 24. h3 Nd7 25. Qd4 Nf6 26. Qd6 Qf7 27. Rd2 Re7 28. Rad1 Rd7 29. Qc5 Rxd2 30. Rxd2 Nd7 31. Qc7 Nf8 32. Qc5 b6 33. Qb4 Rd8 34. Qc5 Re8 35. Qb4 1/2-1/2

[Event "Liberec op 21st"]
[Site "Liberec"]
[Date "2022.02.08"]
[Round "4"]
[White "Ocelak, David"]
[Black "Motyl, Tomasz"]
[Result "0-1"]
[WhiteElo "1570"]
[BlackElo "1987"]
[PlyCount "78"]
[EventDate "2022.02.05"]
[EventType "swiss"]
[EventRounds "9"]
[EventCountry "CZE"]
[SourceTitle "EXT 2023"]
[Source "ChessBase"]
[SourceDate "2022.10.05"]
[SourceVersion "1"]
[SourceVersionDate "2022.10.05"]
[SourceQuality "1"]

1. e4 c6 2. d4 d5 3. e5 Bf5 4. Nf3 e6 5. Be3 Nd7 6. Nbd2 Ne7 7. Be2 c5 8. dxc5 Nc6 9. Bb5 Qc7 10. Bxc6 bxc6 11. Bd4 Bxc5 12. Bxc5 Nxc5 13. 0-0 0-0 14. Re1 Rab8 15. b3 h6 16. Nd4 Bg6 17. Qg4 Rfe8 18. f3 Nd7 19. f4 c5 20. N4f3 Bxc2 21. Rac1 Bf5 22. Qg3 Qa5 23. Ra1 Qb4 24. a3 Qc3 25. Qf2 a5 26. Rac1 Qb2 27. Ra1 Rb6 28. Nh4 Bh7 29. g4 Reb8 30. Rec1 a4 31. bxa4 c4 32. Qe1 Qd4+ 33. Qf2 Qxf2+ 34. Kxf2 Nc5 35. Ke3 Rb2 36. f5 Nd3 37. Rf1 Nxe5 38. Ndf3 Nxg4+ 39. Kf4 Nf2 0-1

[Event "Ustron op-B"]
[Site "Ustron"]
[Date "2021.08.18"]
[Round "7"]
[White "Kroliczek, Gabriela"]
[Black "Motyl, Tomasz"]
[Result "1/2-1/2"]
[WhiteElo "1993"]
[BlackElo "2041"]
[PlyCount "70"]
[EventDate "2021.08.13"]
[EventType "swiss"]
[EventRounds "9"]
[EventCountry "POL"]
[SourceTitle "CBM 204 Extra"]
[Source "ChessBase"]
[SourceDate "2021.11.30"]
[SourceVersion "1"]
[SourceVersionDate "2021.11.30"]
[SourceQuality "1"]

1. e4 c6 2. Nf3 d5 3. Nc3 Bg4 4. h3 Bxf3 5. Qxf3 e6 6. g3 Nf6 7. Bg2 dxe4 8. Nxe4 Nxe4 9. Qxe4 Qd5 10. 0-0 Qxe4 11. Bxe4 Nd7 12. d4 0-0-0 13. Rd1 Bd6 14. c4 g6 15. Bd2 f5 16. Bg2 e5 17. Bc3 Rhe8 18. Rab1 exd4 19. Bxd4 Bc5 20. Bf1 Bxd4 21. Rxd4 Ne5 22. Rxd8+ Rxd8 23. Kg2 Rd4 24. b3 Kd7 25. Be2 Kd6 26. f4 Nd7 27. Rd1 Rxd1 28. Bxd1 Kc5 29. g4 fxg4 30. hxg4 Kb4 31. a4 Kc3 32. Kg3 Kd2 33. Bf3 Kc3 34. Bd1 Kd2 35. Bf3 Nc5 1/2-1/2

[Event "Ustron op-B"]
[Site "Ustron"]
[Date "2021.08.17"]
[Round "6"]
[White "Motyl, Tomasz"]
[Black "Malik, Maciej"]
[Result "0-1"]
[WhiteElo "2041"]
[BlackElo "1973"]
[PlyCount "96"]
[EventDate "2021.08.13"]
[EventType "swiss"]
[EventRounds "9"]
[EventCountry "POL"]
[SourceTitle "CBM 204 Extra"]
[Source "ChessBase"]
[SourceDate "2021.11.30"]
[SourceVersion "1"]
[SourceVersionDate "2021.11.30"]
[SourceQuality "1"]

1. e4 g6 2. d4 d6 3. Nc3 Nf6 4. Nf3 Bg7 5. h3 c6 6. Be3 b5 7. e5 dxe5 8. dxe5 Qxd1+ 9. Rxd1 Nfd7 10. Bd4 Nf8 11. Ne4 Ne6 12. Bc3 Nd7 13. Bd3 h6 14. 0-0 a6 15. Rfe1 Bb7 16. b4 0-0-0 17. a4 Nb6 18. axb5 axb5 19. Nc5 Nxc5 20. bxc5 Na4 21. Bd4 e6 22. c4 b4 23. Rb1 Bf8 24. Rxb4 Nxc5 25. Reb1 Rd7 26. Bc2 Na6 27. Ra4 c5 28. Be3 Nb4 29. Bd1 Be7 30. Be2 g5 31. Ra5 Rc7 32. Rb2 Rd8 33. Ra3 Nc6 34. Rab3 Bf8 35. Bd2 Nb4 36. Bc3 Bc6 37. Nd4 Rxd4 38. Bxd4 cxd4 39. Rxb4 Bxb4 40. Rxb4 Ra7 41. Rb2 Ra5 42. Bh5 Rxe5 43. Bxf7 Re1+ 44. Kh2 Kc7 45. Kg3 Kd6 46. f4 gxf4+ 47. Kxf4 Rf1+ 48. Kg3 Ke5 0-1

[Event "Ustron op-B"]
[Site "Ustron"]
[Date "2021.08.15"]
[Round "4"]
[White "Sliwerski, Radoslaw"]
[Black "Motyl, Tomasz"]
[Result "1/2-1/2"]
[WhiteElo "1980"]
[BlackElo "2041"]
[PlyCount "124"]
[EventDate "2021.08.13"]
[EventType "swiss"]
[EventRounds "9"]
[EventCountry "POL"]
[SourceTitle "CBM 204 Extra"]
[Source "ChessBase"]
[SourceDate "2021.11.30"]
[SourceVersion "1"]
[SourceVersionDate "2021.11.30"]
[SourceQuality "1"]

1. d4 d5 2. c4 e6 3. Nc3 c5 4. cxd5 exd5 5. Nf3 Nc6 6. g3 Nf6 7. Bg2 Be7 8. 0-0 0-0 9. dxc5 Bxc5 10. Na4 Be7 11. Be3 Bg4 12. Rc1 Re8 13. h3 Be6 14. Nc5 Bxc5 15. Bxc5 Qd7 16. Kh2 Rac8 17. Be3 b6 18. Qa4 Ne5 19. Qxd7 Nxf3+ 20. Bxf3 Nxd7 21. Bd4 Nc5 22. Rfd1 Ne4 23. Bg2 Rxc1 24. Rxc1 Rc8 25. Rxc8+ Bxc8 26. a4 Ba6 27. e3 Bc4 28. Kg1 f6 29. a5 bxa5 30. Bxa7 Kf7 31. Bf3 Ke6 32. Bd1 Bb5 33. b3 Nc3 34. Bc2 g6 35. Kg2 a4 36. bxa4 Nxa4 37. Bd4 f5 38. Kf3 Kd6 39. Kf4 Nc5 40. Kg5 Ne4+ 41. Bxe4 fxe4 42. Kh6 Ke6 43. Kxh7 Kf7 44. Kh6 Bf1 45. h4 Bh3 46. Kg5 Bd7 47. g4 Be6 48. Kf4 Kg8 49. Kg5 Kh7 50. Kf4 Kh6 51. Bf6 Bd7 52. f3 exf3 53. Kxf3 Ba4 54. Kf4 Bc2 55. Be7 Kg7 56. Ke5 Be4 57. Ke6 Bf3 58. Bf6+ Kh6 59. Bd4 Be4 60. Bc3 Bf3 61. Be5 Bxg4+ 62. Kxd5 g5 1/2-1/2

[Event "Ustron op-B"]
[Site "Ustron"]
[Date "2020.08.15"]
[Round "8"]
[White "Motyl, Tomasz"]
[Black "Skurniak, Szymon"]
[Result "1/2-1/2"]
[WhiteElo "2024"]
[BlackElo "1987"]
[PlyCount "130"]
[EventDate "2020.08.15"]
[EventType "swiss"]
[EventRounds "9"]
[EventCountry "POL"]
[SourceTitle "EXT 2021"]
[Source "ChessBase"]
[SourceDate "2020.10.23"]
[SourceVersion "1"]
[SourceVersionDate "2020.10.23"]
[SourceQuality "1"]

1. e4 c5 2. c3 d6 3. d4 Nf6 4. Bd3 g6 5. Ne2 Bg7 6. 0-0 0-0 7. d5 e6 8. dxe6 Bxe6 9. Nf4 Bd7 10. Na3 Bc6 11. f3 a6 12. Nc4 b5 13. Ne3 Nbd7 14. Bc2 Nb6 15. a4 bxa4 16. Nfd5 Nfxd5 17. Nxd5 Nxd5 18. exd5 Bb5 19. Re1 Qh4 20. Re4 Qh5 21. Bf4 Rad8 22. Bxa4 g5 23. Bg3 f5 24. Re6 f4 25. Bf2 Rfe8 26. Bxb5 axb5 27. Ra6 Be5 28. Qe2 Rxe6 29. dxe6 Qg6 30. e7 Qb1+ 31. Qf1 Qxf1+ 32. Kxf1 Re8 33. Rb6 Rxe7 34. Rxb5 Kf7 35. h4 h6 36. hxg5 hxg5 37. Rb6 Re6 38. b4 c4 39. Rc6 d5 40. Rxe6 Kxe6 41. Be1 Kd6 42. Ke2 Kc6 43. Kd2 d4 44. cxd4 Bxd4 45. Kc2 Kb5 46. Bc3 Bf2 47. Bf6 Kxb4 48. Bxg5 Bg3 49. Be7+ Kb5 50. Kc3 Be1+ 51. Kd4 c3 52. Bd6 Bd2 53. Kd3 Ka4 54. Kc2 Kb5 55. Kb3 Kc6 56. Be5 Kd5 57. Bf6 Be1 58. Bxc3 Bg3 59. Bg7 Ke6 60. Kc4 Kf5 61. Kd3 Bh2 62. Bd4 Bg3 63. Ke2 Bh4 64. Bf2 Bf6 65. Kd3 Ke5 1/2-1/2

[Event "Wroclaw op"]
[Site "Wroclaw"]
[Date "2017.08.15"]
[Round "9"]
[White "Motyl, Tomasz"]
[Black "Piotrowski, Przemyslaw"]
[Result "0-1"]
[WhiteElo "2027"]
[BlackElo "2335"]
[PlyCount "27"]
[EventDate "2017.08.10"]
[EventType "swiss"]
[EventRounds "9"]
[EventCountry "POL"]
[SourceTitle "CBM 180 Extra"]
[Source "ChessBase"]
[SourceDate "2017.10.06"]
[SourceVersion "1"]
[SourceVersionDate "2017.10.06"]
[SourceQuality "1"]

1. e4 c5 2. c3 Nf6 3. e5 Nd5 4. d4 cxd4 5. Nf3 e6 6. cxd4 b6 7. Nc3 Bb7 8. Bd3 Nxc3 9. bxc3 d6 10. 0-0 Nd7 11. Re1 Be7 12. Bf4 d5 13. Qd2 h6 14. a4 0-1

[Event "Wroclaw op"]
[Site "Wroclaw"]
[Date "2017.08.14"]
[Round "7"]
[White "Motyl, Tomasz"]
[Black "Marko, Piotr"]
[Result "1-0"]
[WhiteElo "2027"]
[BlackElo "1794"]
[PlyCount "91"]
[EventDate "2017.08.10"]
[EventType "swiss"]
[EventRounds "9"]
[EventCountry "POL"]
[SourceTitle "CBM 180 Extra"]
[Source "ChessBase"]
[SourceDate "2017.10.06"]
[SourceVersion "1"]
[SourceVersionDate "2017.10.06"]
[SourceQuality "1"]

1. g3 Nf6 2. Bg2 d5 3. Nf3 g6 4. 0-0 Bg7 5. d4 0-0 6. c4 c6 7. Nc3 dxc4 8. Qc2 b5 9. Ne5 Qb6 10. a4 Bb7 11. Be3 a6 12. b3 b4 13. Nxc4 Qd8 14. Ne4 a5 15. Nc5 Bc8 16. Rfd1 Nd5 17. Qd2 Nxe3 18. Qxe3 Ba6 19. Rac1 Bxc4 20. Rxc4 Ra7 21. Qe4 e5 22. d5 cxd5 23. Rxd5 Qe7 24. Qd3 Rc8 25. Bh3 Re8 26. Ne4 f5 27. Nd6 e4 28. Qd1 Rd7 29. Nc8 Qe6 30. Rxd7 Qxd7 31. Qxd7 Nxd7 32. Nd6 Ne5 33. Rc5 Rd8 34. Nb7 Rd1+ 35. Kg2 Nd7 36. Rc8+ Kf7 37. Nxa5 Rd2 38. e3 Ne5 39. Nc4 Rd3 40. Rc7+ Kg8 41. Nxe5 Bxe5 42. Re7 Bf6 43. Rb7 Rxb3 44. g4 fxg4 45. Bxg4 Rb2 46. Be6+ 1-0

[Event "Marianske Lazne op 16th"]
[Site "Marianske Lazne"]
[Date "2017.01.27"]
[Round "8"]
[White "Motyl, Tomasz"]
[Black "Geisensetter, Franz"]
[Result "1-0"]
[WhiteElo "2012"]
[BlackElo "2066"]
[PlyCount "55"]
[EventDate "2017.01.21"]
[EventType "swiss"]
[EventRounds "9"]
[EventCountry "CZE"]
[SourceTitle "CBM 176 Extra"]
[Source "ChessBase"]
[SourceDate "2017.03.02"]
[SourceVersion "1"]
[SourceVersionDate "2017.03.02"]
[SourceQuality "1"]

1. e4 d6 2. d4 g6 3. Nc3 Bg7 4. Nf3 Nf6 5. h3 c6 6. a4 Nbd7 7. Be2 0-0 8. Be3 e5 9. dxe5 dxe5 10. Nd2 Qc7 11. Nc4 Rd8 12. Qd6 Qxd6 13. Nxd6 Nf8 14. 0-0-0 b6 15. Nxc8 Raxc8 16. Bc4 h6 17. b4 Ne8 18. Bb3 Nc7 19. a5 bxa5 20. bxa5 a6 21. Bb6 Rxd1+ 22. Rxd1 Nfe6 23. Rd7 Na8 24. Bxe6 fxe6 25. Na4 Bf8 26. Ra7 Bd6 27. Bc5 Bb8 28. Rxa8 1-0

[Event "Marianske Lazne op 16th"]
[Site "Marianske Lazne"]
[Date "2017.01.26"]
[Round "7"]
[White "Luberanski, Jakub"]
[Black "Motyl, Tomasz"]
[Result "0-1"]
[WhiteElo "1444"]
[BlackElo "2012"]
[PlyCount "61"]
[EventDate "2017.01.21"]
[EventType "swiss"]
[EventRounds "9"]
[EventCountry "CZE"]
[SourceTitle "CBM 176 Extra"]
[Source "ChessBase"]
[SourceDate "2017.03.02"]
[SourceVersion "1"]
[SourceVersionDate "2017.03.02"]
[SourceQuality "1"]

1. e4 c6 2. d4 d5 3. Nc3 dxe4 4. Nxe4 Bf5 5. Ng3 Bg6 6. Nf3 Nd7 7. Bd3 Ngf6 8. 0-0 e6 9. Bf4 Nd5 10. Be3 Be7 11. Qe2 Bxd3 12. Qxd3 0-0 13. Ne5 Nxe5 14. dxe5 Nxe3 15. Qxe3 Qa5 16. Rad1 Rfd8 17. Qe2 Qxa2 18. b3 Qa5 19. f4 Rxd1 20. Rxd1 Rd8 21. Ne4 Rxd1+ 22. Qxd1 Qd5 23. Qe2 b5 24. c4 Qd4+ 25. Kf1 h6 26. g3 a5 27. Nf2 Bc5 28. Nh3 bxc4 29. bxc4 a4 30. Qa2 a3 31. Ke1 0-1

[Event "Krakow op-B 27th"]
[Site "Krakow"]
[Date "2017.01.02"]
[Round "7"]
[White "Motyl, Tomasz"]
[Black "Kostecka, Marika"]
[Result "1-0"]
[WhiteElo "2012"]
[BlackElo "1833"]
[PlyCount "43"]
[EventDate "2016.12.27"]
[EventType "swiss"]
[EventRounds "9"]
[EventCountry "POL"]
[SourceTitle "CBM 176 Extra"]
[Source "ChessBase"]
[SourceDate "2017.03.02"]
[SourceVersion "1"]
[SourceVersionDate "2017.03.02"]
[SourceQuality "1"]

1. e4 c5 2. c3 Nf6 3. e5 Nd5 4. d4 cxd4 5. Qxd4 e6 6. Nf3 Nc6 7. Qe4 d6 8. Nbd2 Qc7 9. exd6 Bxd6 10. Nc4 Be7 11. Bg5 b6 12. Bxe7 Qxe7 13. Nce5 Bb7 14. Bb5 Qc5 15. Nd4 Nf6 16. Bxc6+ Ke7 17. Qe2 Ba6 18. Qxa6 Qxe5+ 19. Qe2 Qxe2+ 20. Kxe2 Rac8 21. Bf3 h5 22. Nc6+ 1-0

[Event "Krakow op-B 27th"]
[Site "Krakow"]
[Date "2016.12.27"]
[Round "1"]
[White "Motyl, Tomasz"]
[Black "Kepowicz, Artur"]
[Result "1/2-1/2"]
[WhiteElo "2012"]
[BlackElo "1839"]
[PlyCount "80"]
[EventDate "2016.12.27"]
[EventType "swiss"]
[EventRounds "9"]
[EventCountry "POL"]
[SourceTitle "CBM 176 Extra"]
[Source "ChessBase"]
[SourceDate "2017.03.02"]
[SourceVersion "1"]
[SourceVersionDate "2017.03.02"]
[SourceQuality "1"]

1. g3 d5 2. Bg2 Nf6 3. c4 c6 4. Nf3 g6 5. b3 Bg7 6. Bb2 0-0 7. 0-0 Re8 8. d4 Nbd7 9. Nc3 a6 10. a4 h6 11. Qc2 Ra7 12. Rfd1 e6 13. e4 Nxe4 14. Nxe4 dxe4 15. Qxe4 c5 16. Qc2 cxd4 17. Bxd4 Bxd4 18. Rxd4 Qc7 19. Qd2 h5 20. Rd1 Nf8 21. Ng5 b6 22. Ne4 Kg7 23. Nd6 Re7 24. Rf4 Bd7 25. Rd4 Bc6 26. Bxc6 Qxc6 27. Qg5 Rad7 28. Qd2 e5 29. Rd5 f6 30. Ne4 Qe6 31. Qb4 Qg4 32. Nc3 h4 33. Rxd7 Rxd7 34. Rxd7+ Nxd7 35. Qe7+ Kh6 36. Qe8 h3 37. Qh8+ Kg5 38. f3 Qxf3 39. Qh4+ Kf5 40. Qxh3+ Qg4 1/2-1/2

[Event "Rewal op-A 16th"]
[Site "Rewal"]
[Date "2011.08.22"]
[Round "3"]
[White "Obrusnik, Michal"]
[Black "Motyl, Tomasz"]
[Result "1-0"]
[WhiteElo "2255"]
[BlackElo "2027"]
[PlyCount "111"]
[EventDate "2011.08.19"]
[EventType "swiss"]
[EventRounds "9"]
[EventCountry "POL"]
[SourceTitle "CBM 144 Extra"]
[Source "ChessBase"]
[SourceDate "2011.10.28"]
[SourceVersion "1"]
[SourceVersionDate "2011.10.28"]
[SourceQuality "1"]

1. e4 g6 2. d4 d6 3. Nc3 a6 4. f4 b5 5. Nf3 Bb7 6. e5 b4 7. Na4 e6 8. Bd3 Nd7 9. 0-0 c5 10. c3 bxc3 11. bxc3 Qc7 12. Rb1 Nh6 13. Ng5 Be7 14. exd6 Bxd6 15. Rxb7 Qxb7 16. Be4 Qa7 17. Bxa8 Qxa8 18. dxc5 Be7 19. Qd4 Nf6 20. Qc4 0-0 21. Be3 Nf5 22. Bd4 Qd5 23. Qxd5 Nxd5 24. Ne4 Rd8 25. Bf2 Nxf4 26. Rb1 Nd3 27. g4 Nxf2 28. Kxf2 Bh4+ 29. Ke2 Ne7 30. g5 h6 31. Rb7 Nc6 32. gxh6 f5 33. Rg7+ Kh8 34. Nd6 Ne5 35. Nb6 Bg5 36. c6 Rxd6 37. c7 Rc6 38. c8Q+ Rxc8 39. Nxc8 Bxh6 40. Re7 Ng4 41. Rxe6 Kg7 42. h3 Nf6 43. Rxa6 Ne4 44. c4 Bg5 45. Nd6 Nc5 46. Ra5 Ne6 47. c5 Be7 48. Nb7 Kf6 49. Kf2 g5 50. c6 Nc7 51. Ra4 Ke6 52. Rd4 Bf6 53. Nd8+ Ke5 54. Rd7 Nb5 55. c7 Nxc7 56. Nf7+ 1-0

[Event "Rewal op-A 16th"]
[Site "Rewal"]
[Date "2011.08.19"]
[Round "1"]
[White "Berlin, Tatiana"]
[Black "Motyl, Tomasz"]
[Result "1/2-1/2"]
[WhiteElo "2206"]
[BlackElo "2027"]
[PlyCount "38"]
[EventDate "2011.08.19"]
[EventType "swiss"]
[EventRounds "9"]
[EventCountry "POL"]
[SourceTitle "CBM 144 Extra"]
[Source "ChessBase"]
[SourceDate "2011.10.28"]
[SourceVersion "1"]
[SourceVersionDate "2011.10.28"]
[SourceQuality "1"]

1. e4 g6 2. d4 d6 3. Nf3 Bg7 4. Bc4 Nf6 5. Nc3 Nxe4 6. Nxe4 d5 7. Bd3 dxe4 8. Bxe4 Nd7 9. Bf4 0-0 10. Qd2 c5 11. Bh6 Nf6 12. Bxg7 Kxg7 13. Qe3 Nxe4 14. Qxe4 Qa5+ 15. c3 cxd4 16. Qxd4+ e5 17. Qh4 f6 18. 0-0 Be6 19. Rfe1 Rad8 1/2-1/2

[Event "Krakow op 21st"]
[Site "Krakow"]
[Date "2011.01.04"]
[Round "9"]
[White "Khalafova, Narmin Ilgar Qizi"]
[Black "Motyl, Tomasz"]
[Result "1/2-1/2"]
[WhiteElo "2130"]
[BlackElo "2035"]
[PlyCount "34"]
[EventDate "2010.12.27"]
[EventType "swiss"]
[EventRounds "9"]
[EventCountry "POL"]
[SourceTitle "CBM 140 Extra"]
[Source "ChessBase"]
[SourceDate "2011.03.01"]
[SourceVersion "1"]
[SourceVersionDate "2011.03.01"]
[SourceQuality "1"]

1. e4 g6 2. d4 d6 3. Nc3 a6 4. Nf3 b5 5. Bd3 Bb7 6. Ne2 Nf6 7. Ng3 Nbd7 8. 0-0 Bg7 9. h3 0-0 10. Be3 c5 11. c3 Qc7 12. Qd2 e5 13. Bh6 Rfe8 14. Rfe1 d5 15. dxe5 Nxe4 16. Nxe4 dxe4 17. Bxe4 Bxe4 1/2-1/2

[Event "Krakow op 21st"]
[Site "Krakow"]
[Date "2011.01.02"]
[Round "6"]
[White "Kumor, Lukasz"]
[Black "Motyl, Tomasz"]
[Result "1-0"]
[WhiteElo "2178"]
[BlackElo "2035"]
[PlyCount "85"]
[EventDate "2010.12.27"]
[EventType "swiss"]
[EventRounds "9"]
[EventCountry "POL"]
[SourceTitle "CBM 140 Extra"]
[Source "ChessBase"]
[SourceDate "2011.03.01"]
[SourceVersion "1"]
[SourceVersionDate "2011.03.01"]
[SourceQuality "1"]

1. e4 g6 2. d4 d6 3. Be3 Nd7 4. Nc3 e5 5. Qd2 Bg7 6. Nge2 a6 7. 0-0-0 Ngf6 8. f3 exd4 9. Nxd4 Nc5 10. h4 h5 11. Bc4 b5 12. Bd5 Nxd5 13. exd5 Bd7 14. Bg5 f6 15. Rhe1+ Kf7 16. Bf4 b4 17. Ne4 Nxe4 18. Rxe4 f5 19. Bg5 Bf6 20. Ne6 Bxe6 21. Rxe6 Bxg5 22. hxg5 Re8 23. Rde1 Rxe6 24. dxe6+ Ke7 25. Qxb4 Qh8 26. Qc4 Ra7 27. c3 a5 28. Qa4 c5 29. Qc6 Qa8 30. Qb6 Rb7 31. Qc6 Ra7 32. Qb5 Qd5 33. Qa4 c4 34. Qc2 Rb7 35. Qf2 Qc5 36. Qe2 Rb5 37. Qd2 Qd5 38. Qe3 Qc5 39. Qd2 Qd5 40. Qf4 a4 41. a3 Rb6 42. g4 hxg4 43. Qh2 1-0

[Event "Krakow op 21st"]
[Site "Krakow"]
[Date "2010.12.30"]
[Round "4"]
[White "Lohou, Stephane"]
[Black "Motyl, Tomasz"]
[Result "1/2-1/2"]
[WhiteElo "2165"]
[BlackElo "2035"]
[PlyCount "37"]
[EventDate "2010.12.27"]
[EventType "swiss"]
[EventRounds "9"]
[EventCountry "POL"]
[SourceTitle "CBM 140 Extra"]
[Source "ChessBase"]
[SourceDate "2011.03.01"]
[SourceVersion "1"]
[SourceVersionDate "2011.03.01"]
[SourceQuality "1"]

1. e4 g6 2. d4 d6 3. Nc3 a6 4. Be3 b5 5. Qd2 Bb7 6. f3 Nd7 7. h4 h5 8. Nge2 e5 9. Bg5 f6 10. Be3 Nb6 11. Ng3 Bh6 12. a3 Qe7 13. 0-0-0 exd4 14. Qxd4 Qe5 15. Bxh6 Nxh6 16. Nge2 Qxd4 17. Nxd4 0-0-0 18. Ne6 Rde8 19. Nf4 1/2-1/2